Largest crops producing countries #2 - Statistics

General Stats
  • This quiz has been taken 444 times
    395 since last reset
  • The average score is 14 of 18
Answer Stats
# Sugarcane % Correct
9 United States
100%
1 Brazil
98%
3 China
97%
2 India
97%
Russia
95%
Argentina
89%
10 Indonesia
85%
France
84%
Germany
82%
Ukraine
80%
5 Pakistan
78%
Democratic Republic of the Congo
72%
4 Thailand
72%
Nigeria
71%
Turkey
67%
Ghana
41%
Uzbekistan
25%
Paraguay
16%
No matching quizzes found
Score Distribution
Percent of People with Each Score
Percentile by Number Answered
Your Score History
You have not taken this quiz since the last reset